| 000 | 01830cam a2200349 a 4500 | ||
|---|---|---|---|
| 001 | 16865741 | ||
| 003 | OSt | ||
| 005 | 20150408114135.0 | ||
| 008 | 110708s2012 stka b 001 0 eng | ||
| 010 | _a 2011029096 | ||
| 020 | _a9780723437031 (pbk.) | ||
| 035 | _a(DNLM)101564232 | ||
| 040 |
_aDNLM/DLC _cDLC _dDLC |
||
| 042 | _apcc | ||
| 050 | 0 | 0 |
_aRB40 _b.M284 2012 |
| 060 | 1 | 0 | _aQY 90 |
| 082 | 0 | 0 |
_a616.056 MWC _223 |
| 100 | 1 |
_aMarshall, William J., _cPh. D. _916099 |
|
| 245 | 1 | 0 |
_aClinical chemistry / _cWilliam J. Marshall, Stephen K. Bangert, Marta Lapsley. |
| 250 | _a7th ed. | ||
| 260 |
_aEdinburgh ; _aa New York : _bMosby Elsevier, $c 2012. |
||
| 300 |
_aix, 367 p. : _bcol. ill. ; _c25 cm. |
||
| 504 | _aIncludes bibliographical references and index. | ||
| 505 | 0 | _aBiomechanical investigations in clinical medicine -- Water, sodium and potassium -- Hydrogen ion homeostasis and blood gases -- The kidneys -- The liver -- The gastrointestinal tract -- The hypothalamus and the pituitary gland -- The adrenal glands -- The thyroid gland -- The gonads -- Disorders of carbohydrate metabolism -- Calcium, phosphate, and magnesium -- Plasma proteins and enzymes -- Lipids, lipoproteins, and cardiovascular disease -- The locomotor and nervous systems -- Inherited metabolic diseases -- Disorders of haemoproteins, porphyrins and iron -- Metabolic aspects of malignant disease -- Therapeutic drug monitoring and chemical aspects of toxicology -- Clinical nutrition -- Clinical chemistry at the extremes of age. | |
| 650 | 1 | 2 |
_aChemistry, Clinical. _913867 |
| 650 | 2 | 2 |
_aClinical Chemistry Tests. _913868 |
| 700 | 1 |
_aBangert, S. K. _916100 |
|
| 700 | 1 |
_aLapsley, Marta. _936153 |
|
| 906 |
_a7 _bcbc _corignew _d1 _eecip _f20 _gy-gencatlg |
||
| 942 |
_2ddc _cBOOK |
||
| 999 |
_c30146 _d264646 |
||